00605 2200229 4500001002100000005001700021008004100038020001800079035002400097090001500121110002900136245006600165260003200231300002400263650001400287850001500301980001100316985000600327986001200333999001500345999001500360YOGYA-0209000001810720090227022831.0 ind  a979-518-138-6 0010-020900000018107 a657bIka P aIKATAN AKUNTAN INDONESIA aPrinsip akunatansi Indonesia 1984cIkatan Akuntansi Indonesia aJakartabRineka Ciptac1994 axii, 366 hlmc20 cm aAkuntansi aYOPDYOG(B) a090506 a2 aMsRTREV a01P0001445 aP000033632